Antike Städte Quiz - Statistiken

Allgemein
  • Dieses Quiz wurde 14.323 mal gespielt
  • Das Durchschnittsergebnis liegt bei 13 aus 27
Antwortstatistiken
Stadt Modernes Land % Korrekt
Pompeji Italien
93%
Konstantinopel Türkei
87%
Sparta Griechenland
82%
Machu Picchu Peru
80%
Troja Türkei
75%
Babylon Irak
74%
Knossos Griechenland
67%
Tenochtitlan Mexiko
64%
Karthago Tunesien
62%
Korinth Griechenland
53%
Petra Jordanien
51%
Angkor Kambodscha
51%
Memphis Ägypten
50%
Edo Japan
49%
Ravenna Italien
43%
Luoyang China
42%
Timbuktu Mali
38%
Persepolis Iran
37%
Cusco Peru
37%
Xanadu China
32%
Ur Irak
27%
Antiochien Türkei
26%
Ninive Irak
20%
Ayutthaya Thailand
18%
Tikal Guatemala
17%
Tyros Libanon
13%
Karakorum Mongolei
11%
Keine übereinstimmenden Quizze gefunden
Verteilung der Resultate
Anzahl Personen mit jedem Resultat
Perzentil nach korrekt beantworteten Fragen
Ihre Resultats-Entwicklung
Sie haben dieses Quiz noch nicht gespielt